| 000 | 01543nam a22003737a 4500 | ||
|---|---|---|---|
| 003 | CHAP | ||
| 005 | 20220329143443.0 | ||
| 008 | 091013s2008 mx a r 00010 spa d | ||
| 010 | _a96873 | ||
| 011 | _a97845 | ||
| 020 | _a9789708260053 | ||
| 035 | _a108517 | ||
| 040 | _cCHAP | ||
| 082 | 0 | 4 |
_a338.097252 _bAc85 |
| 245 | 0 | 0 |
_aActividad económica regional en el Estado de México _c/compilado por Laura E. del Moral Barrera, Óscar M. Rodríguez Pichardo y Pablo Mejía Reyes |
| 260 |
_aToluca, Edo. de Méx. : _bGobierno del Estado de México, _c2008 |
||
| 300 |
_a254 p. : _bilus., cuadros, gráfs. |
||
| 490 | 0 |
_aBiblioteca Mexiquense del Bicentenario. _pColección mayor : Administración pública |
|
| 590 |
_aBATCH-UPD _b10 _c20130110 _lUCH01 _h1614 |
||
| 590 |
_aBATCH-UPD _b10 _c20130410 _lUCH01 _h1009 |
||
| 590 |
_aBATCH-UPD _b10 _c20130914 _lUCH01 _h1300 |
||
| 590 |
_aCONVERSION _b10 _c20130109 _lUCH01 _h1354 |
||
| 650 | 1 | 4 |
_aAgricultura _zMexico (Edo.). _91934 |
| 650 | 1 | 4 |
_aEmpleo _xMéxico (Edo.) _936568 |
| 650 | 1 | 4 |
_aMéxico (Edo.) _xCondiciones económicas. _976824 |
| 650 | 1 | 4 |
_aPlaneación regional _zMéxico (Edo.). _988729 |
| 700 | 1 |
_aMejía Reyes, Pablo _e, comp. _974281 |
|
| 700 | 1 |
_aMoral Barrera, Laura E. del _e, comp. _978198 |
|
| 700 | 1 |
_aRodríguez Pichardo, Óscar M. _e, comp. _998782 |
|
| 830 | 0 |
_aBiblioteca Mexiquense del Bicentenario. _pColección mayor : Administración pública _912421 |
|
| 901 | _aBK | ||
| 942 | _cLIBRO | ||
| 949 |
_a338.097252 Ac85 _bBC _cLIBRO _d33724002103439 _eLIBRO _h111391 _i108517 _sb |
||
| 999 |
_c96873 _d96873 |
||